[Event "Hong Kong op"]
[Site "Hong Kong"]
[Date "2025.01.01"]
[Round "8"]
[White "Kannappan, Thanneermalai"]
[Black "Kao, Jamison Edrich"]
[Result "1/2-1/2"]
[WhiteElo "1983"]
[BlackElo "2140"]
[PlyCount "107"]
[EventDate "2024.12.27"]
[EventType "swiss"]
[EventRounds "9"]
[EventCountry "HKG"]
[SourceTitle "CB02_2025"]
[SourceDate "2025.01.08"]
[SourceVersion "1"]
[SourceVersionDate "2025.01.08"]
[SourceQuality "1"]

1. e4 c5 2. Nf3 d6 3. d4 cxd4 4. Nxd4 Nf6 5. Nc3 Bd7 6. f3 e5 7. Nb3 Be7 8. Be3 0-0 9. Qd2 Na6 10. 0-0-0 Nc7 11. Kb1 b5 12. g4 b4 13. Ne2 a5 14. Ng3 Be6 15. g5 Nd7 16. f4 Bg4 17. Be2 Bxe2 18. Qxe2 a4 19. Nc1 a3 20. b3 Ne6 21. f5 Nf4 22. Qg4 Bxg5 23. Nd3 Rc8 24. h4 Qc7 25. Rh2 Nf6 26. Qf3 Bh6 27. c4 bxc3 28. Rc2 d5 29. exd5 N6xd5 30. Bc1 Qe7 31. Nxf4 Nxf4 32. Ne4 Rfd8 33. Rxd8+ Rxd8 34. f6 Qd7 35. Rxc3 Qf5 36. Ka1 gxf6 37. Bxa3 Bg7 38. Nd6 Qe6 39. Rc6 f5 40. Kb1 Qd7 41. Rb6 Qa7 42. Qb7 Qxb7 43. Rxb7 Nd5 44. Nxf5 e4 45. Kc2 Bf6 46. Bc5 Rc8 47. b4 Nxb4+ 48. Kd2 Nxa2 49. Bd4 Bxd4 50. Ne7+ Kg7 51. Nxc8 Nc3 52. Nd6 e3+ 53. Ke1 Kg6 54. Nb5 1/2-1/2

[Event "Hong Kong op"]
[Site "Hong Kong"]
[Date "2024.12.28"]
[Round "2"]
[White "Kannappan, Thanneermalai"]
[Black "Lopez de Anda, Edgar"]
[Result "1/2-1/2"]
[WhiteElo "1983"]
[BlackElo "1854"]
[PlyCount "81"]
[EventDate "2024.12.27"]
[EventType "swiss"]
[EventRounds "9"]
[EventCountry "HKG"]
[SourceTitle "CB02_2025"]
[SourceDate "2025.01.08"]
[SourceVersion "1"]
[SourceVersionDate "2025.01.08"]
[SourceQuality "1"]

1. e4 d5 2. exd5 Nf6 3. Bb5+ Bd7 4. Be2 Nxd5 5. d4 g6 6. c4 Nf6 7. Nf3 Bg7 8. Nc3 0-0 9. 0-0 c6 10. a3 Bg4 11. h3 Bf5 12. Bd3 Bxd3 13. Qxd3 Nbd7 14. b4 a5 15. Rb1 b6 16. Rd1 e6 17. Bf4 Re8 18. Ne5 Nxe5 19. dxe5 Qxd3 20. Rxd3 Nh5 21. Bh2 axb4 22. axb4 Bh6 23. Rd6 Ra3 24. Ne4 Rea8 25. Nf6+ Nxf6 26. exf6 Bf8 27. Rxc6 Ra1 28. Rf1 Bxb4 29. Bc7 Bc3 30. Bxb6 Bxf6 31. Be3 R1a6 32. Rxa6 Rxa6 33. Rc1 Ra1 34. Rxa1 Bxa1 35. Kf1 Kf8 36. Ke2 Ke7 37. Kd3 Kd6 38. g4 Bf6 39. f4 Bd8 40. Bf2 f5 41. Bd4 1/2-1/2

[Event "Hong Kong op"]
[Site "Hong Kong"]
[Date "2024.12.28"]
[Round "3"]
[White "Zhou, Yuxu"]
[Black "Kannappan, Thanneermalai"]
[Result "1/2-1/2"]
[WhiteElo "1962"]
[BlackElo "1983"]
[PlyCount "48"]
[EventDate "2024.12.27"]
[EventType "swiss"]
[EventRounds "9"]
[EventCountry "HKG"]
[SourceTitle "CB02_2025"]
[SourceDate "2025.01.08"]
[SourceVersion "1"]
[SourceVersionDate "2025.01.08"]
[SourceQuality "1"]

1. e4 e5 2. Nf3 Nc6 3. Bb5 f5 4. d3 fxe4 5. dxe4 Nf6 6. 0-0 Bc5 7. Nc3 d6 8. Bg5 0-0 9. Nd5 Be6 10. c3 Kh8 11. b4 Bb6 12. Bc4 Bxd5 13. Bxd5 Qe8 14. Nd2 a6 15. Nc4 Ba7 16. Be3 Bxe3 17. Nxe3 Rb8 18. f3 Ne7 19. Bb3 Qg6 20. Qe1 Qg5 21. Rd1 Nh5 22. Kh1 Nf4 23. g3 Nh5 24. Ng2 Qh6 1/2-1/2

[Event "Asia-chT rapid"]
[Site "Hong Kong"]
[Date "2024.08.23"]
[Round "5.25"]
[White "Causo, Deniel"]
[Black "Kannappan, Thanneermalai"]
[Result "1-0"]
[WhiteElo "2224"]
[BlackElo "1852"]
[PlyCount "47"]
[EventDate "2024.08.22"]
[EventType "team-swiss (rapid)"]
[EventRounds "11"]
[EventCountry "HKG"]
[SourceTitle "CBM 221 Extra"]
[Source "ChessBase"]
[SourceDate "2024.09.30"]
[SourceVersion "1"]
[SourceVersionDate "2024.09.30"]
[SourceQuality "1"]
[WhiteTeam "Filipino CC"]
[BlackTeam "TCA"]
[WhiteTeamCountry "PHI"]
[BlackTeamCountry "HKG"]

1. a3 e5 2. d4 exd4 3. Nf3 Nf6 4. Nxd4 d5 5. Bg5 Be7 6. e3 c5 7. Nb3 b6 8. Nc3 Bb7 9. Bb5+ Kf8 10. 0-0 a6 11. Be2 Nbd7 12. Bf4 c4 13. Nd4 Nc5 14. Nf5 Ne6 15. Be5 Qd7 16. Bxc4 Rd8 17. Ba2 Ng5 18. Nxe7 Qxe7 19. Bd4 Qd6 20. Qe2 h5 21. f4 Nge4 22. Rad1 Nxc3 23. Bxc3 Re8 24. Bb4 1-0

[Event "Asia-chT rapid"]
[Site "Hong Kong"]
[Date "2024.08.23"]
[Round "6.37"]
[White "Kannappan, Thanneermalai"]
[Black "Wong, Ho Cheung"]
[Result "1/2-1/2"]
[WhiteElo "1852"]
[BlackElo "1918"]
[PlyCount "138"]
[EventDate "2024.08.22"]
[EventType "team-swiss (rapid)"]
[EventRounds "11"]
[EventCountry "HKG"]
[SourceTitle "CBM 221 Extra"]
[Source "ChessBase"]
[SourceDate "2024.09.30"]
[SourceVersion "1"]
[SourceVersionDate "2024.09.30"]
[SourceQuality "1"]
[WhiteTeam "TCA"]
[BlackTeam "Youth Chess Academy"]
[WhiteTeamCountry "HKG"]
[BlackTeamCountry "HKG"]

1. e4 d6 2. d4 Nf6 3. Nc3 c6 4. f4 Qa5 5. Bd3 e5 6. Nf3 exd4 7. Nxd4 Bg4 8. Nf3 Nbd7 9. 0-0 0-0-0 10. h3 Qc5+ 11. Kh1 h5 12. Qe1 Bxf3 13. Rxf3 d5 14. exd5 Nxd5 15. Ne4 Qe7 16. Bd2 Nc5 17. Ng5 Qf6 18. Qe5 Nxd3 19. Rxd3 Rd7 20. c4 Bd6 21. Qxf6 Nxf6 22. Rd1 Rhd8 23. Be3 Kc7 24. a3 b6 25. b4 c5 26. bxc5 bxc5 27. Rb3 Kc6 28. a4 Re8 29. Rbd3 Ne4 30. Nxe4 Rxe4 31. g3 Rxc4 32. Rd5 g6 33. f5 gxf5 34. Bf4 Rd4 35. R5xd4 cxd4 36. Rxd4 Bxf4 37. Rxf4 Kd5 38. Rxf5+ Ke4 39. Rf4+ Ke3 40. h4 Rd4 41. Rxf7 Rxa4 42. Rf5 a5 43. Rxh5 Kf3 44. Kh2 Ra2+ 45. Kh3 a4 46. Rf5+ Ke4 47. Kg4 a3 48. Ra5 Ra1 49. h5 a2 50. Kg5 Rg1 51. Rxa2 Rxg3+ 52. Kh6 Kf5 53. Ra5+ Kf6 54. Kh7 Rg7+ 55. Kh6 Rg8 56. Ra6+ Kf7 57. Rg6 Rh8+ 58. Kg5 Ra8 59. Kh6 Rh8+ 60. Kg5 Ra8 61. Rf6+ Kg7 62. h6+ Kh7 63. Rf7+ Kh8 64. Kg6 Ra6+ 65. Kg5 Ra5+ 66. Kg6 Ra6+ 67. Rf6 Rxf6+ 68. Kxf6 Kh7 69. Kf7 Kxh6 1/2-1/2

[Event "Barcelona Sant Marti op-B 24th"]
[Site "Barcelona"]
[Date "2024.07.21"]
[Round "9"]
[White "Fernandez Rodriguez, Pablo Joaqu"]
[Black "Kannappan, Thanneermalai"]
[Result "1/2-1/2"]
[WhiteElo "1887"]
[BlackElo "1833"]
[PlyCount "81"]
[EventDate "2024.07.13"]
[EventType "swiss"]
[EventRounds "9"]
[EventCountry "ESP"]
[SourceTitle "EXT 2025"]
[Source "ChessBase"]
[SourceDate "2024.10.14"]
[SourceVersion "1"]
[SourceVersionDate "2024.10.14"]
[SourceQuality "1"]

1. e4 c5 2. Nf3 g6 3. d4 cxd4 4. Nxd4 Nc6 5. c4 Nf6 6. Nc3 d6 7. Be2 Nxd4 8. Qxd4 Bg7 9. Be3 0-0 10. Qd2 a5 11. 0-0 a4 12. Rac1 Qa5 13. h3 Be6 14. Bd3 Nd7 15. f4 Nc5 16. f5 Bd7 17. Bb1 Bc6 18. f6 exf6 19. Qxd6 Nd7 20. Nd5 Bxd5 21. exd5 Ne5 22. Qb6 Rfc8 23. b3 axb3 24. axb3 Qa3 25. Bc2 f5 26. Bf4 Qb2 27. Kh1 Nxc4 28. Qxb7 Na5 29. Qb5 Rxc2 30. d6 Rxc1 31. Rxc1 Qxb3 32. Qd7 Qe6 33. Qb5 Nb3 34. Rb1 Nd4 35. Qb7 Rd8 36. Qc7 Rc8 37. d7 Rxc7 38. d8Q+ Bf8 39. Bxc7 Qe4 40. Rb8 Qe1+ 41. Kh2 1/2-1/2

[Event "Barcelona Sant Marti op-B 24th"]
[Site "Barcelona"]
[Date "2024.07.19"]
[Round "7"]
[White "Morais Carreras, Javier"]
[Black "Kannappan, Thanneermalai"]
[Result "1-0"]
[WhiteElo "1937"]
[BlackElo "1833"]
[PlyCount "75"]
[EventDate "2024.07.13"]
[EventType "swiss"]
[EventRounds "9"]
[EventCountry "ESP"]
[SourceTitle "EXT 2025"]
[Source "ChessBase"]
[SourceDate "2024.10.14"]
[SourceVersion "1"]
[SourceVersionDate "2024.10.14"]
[SourceQuality "1"]

1. d4 Nf6 2. Nf3 g6 3. Bf4 d6 4. e3 Nh5 5. Bg5 h6 6. Bh4 g5 7. Nfd2 Ng7 8. Bg3 Nf5 9. c3 Bg7 10. e4 Nxg3 11. hxg3 c5 12. Nb3 b6 13. Bc4 Bb7 14. Qf3 0-0 15. N1d2 Nc6 16. d5 Ne5 17. Qh5 e6 18. 0-0-0 exd5 19. exd5 b5 20. Bxb5 Bxd5 21. f4 Ng6 22. Nf3 Bxf3 23. Qxf3 Qf6 24. Rhf1 Rab8 25. Bc4 Rb6 26. Nd2 gxf4 27. gxf4 Rfb8 28. Ne4 Qe7 29. b3 Nh4 30. Qd3 Rd8 31. f5 d5 32. Bxd5 Re8 33. Qg3 Kh7 34. Rde1 Be5 35. Qh3 Qd8 36. Bxf7 Rf8 37. Be6 c4 38. Rd1 1-0

[Event "Hong Kong TCA op 2nd"]
[Site "Hong Kong"]
[Date "2023.09.30"]
[Round "2"]
[White "Liu, Zhaoqi"]
[Black "Kannappan, Thanneermalai"]
[Result "1-0"]
[WhiteElo "2396"]
[BlackElo "1762"]
[PlyCount "93"]
[EventDate "2023.09.30"]
[EventType "swiss"]
[EventRounds "5"]
[EventCountry "HKG"]
[SourceTitle "CBM 216 Extra"]
[Source "ChessBase"]
[SourceDate "2023.11.30"]
[SourceVersion "1"]
[SourceVersionDate "2023.11.30"]
[SourceQuality "1"]

1. c4 g6 2. Nc3 c5 3. g3 Bg7 4. Bg2 Nc6 5. a3 d6 6. Rb1 Bf5 7. d3 Rc8 8. Bd2 Nf6 9. Nf3 0-0 10. 0-0 Qd7 11. b4 b6 12. b5 Nd4 13. Bg5 Ne8 14. Nxd4 cxd4 15. Nd5 f6 16. Bd2 e5 17. Qb3 Nc7 18. a4 Nxd5 19. Bxd5+ Be6 20. c5 Bxd5 21. Qxd5+ Qf7 22. Qxf7+ Kxf7 23. cxd6 Rc2 24. Rfd1 Ke6 25. a5 Rfc8 26. Ra1 Kxd6 27. axb6 axb6 28. Ra7 R8c7 29. Bb4+ Kd7 30. Rda1 Rc1+ 31. Kg2 Bh6 32. Rxc7+ Rxc7 33. Ra6 Rb7 34. Ra8 Bc1 35. Rh8 Ke6 36. Rc8 Bb2 37. Rc6+ Kf7 38. Kf3 f5 39. Bd6 Bc3 40. Bxe5 Re7 41. Bd6 Rb7 42. Kf4 Be1 43. f3 Bf2 44. Ke5 Bg1 45. h3 Ra7 46. Rc7+ Rxc7 47. Bxc7 1-0

[Event "World Cup U14 Prel"]
[Site "Tornelo INT"]
[Date "2021.08.11"]
[Round "6"]
[White "Kannappan, Thanneermalai"]
[Black "Handstok, Matias"]
[Result "0-1"]
[WhiteElo "1504"]
[BlackElo "1852"]
[PlyCount "88"]
[EventDate "2021.08.11"]
[EventType "swiss (rapid)"]
[EventRounds "10"]
[EventCountry "NET"]
[SourceTitle "EXT 2025"]
[Source "ChessBase"]
[SourceDate "2024.10.14"]
[SourceVersion "1"]
[SourceVersionDate "2024.10.14"]
[SourceQuality "1"]

1. e4 c5 2. Nf3 Nc6 3. d4 cxd4 4. Nxd4 Nf6 5. Nc3 d6 6. Bg5 e6 7. Qd2 Be7 8. f4 a6 9. 0-0-0 Bd7 10. Bxf6 Bxf6 11. Nxc6 Bxc6 12. Qe3 Qc7 13. f5 0-0 14. fxe6 fxe6 15. Bc4 Kh8 16. Bxe6 Qe7 17. Qh3 Bxc3 18. bxc3 Bxe4 19. Rhe1 Bg6 20. Qg3 Qc7 21. Rxd6 Rf6 22. Red1 Qa5 23. Bb3 Rxd6 24. Rxd6 Rf8 25. Rd1 b5 26. Kb2 Qb6 27. Rd6 Qc5 28. Rxa6 b4 29. cxb4 Qxb4 30. Qd6 Qxd6 31. Rxd6 Be4 32. g3 g6 33. a4 Rf2 34. a5 Rxh2 35. a6 Rh5 36. Re6 Bg2 37. Ka3 Rb5 38. Bc4 Rc5 39. Kb4 Rc7 40. Kb5 Kg7 41. Kb6 Rxc4 42. a7 Rxc2 43. Re8 Ra2 44. Kc7 Rxa7+ 0-1

[Event "World Cup U14 Prel"]
[Site "Tornelo INT"]
[Date "2021.08.11"]
[Round "2"]
[White "Kannappan, Thanneermalai"]
[Black "Tangsunawan, Tada"]
[Result "1-0"]
[WhiteElo "1504"]
[BlackElo "1168"]
[PlyCount "25"]
[EventDate "2021.08.11"]
[EventType "swiss (rapid)"]
[EventRounds "10"]
[EventCountry "NET"]
[SourceTitle "EXT 2025"]
[Source "ChessBase"]
[SourceDate "2024.10.14"]
[SourceVersion "1"]
[SourceVersionDate "2024.10.14"]
[SourceQuality "1"]

1. e4 e5 2. Nf3 Nc6 3. Bb5 a6 4. Bxc6 dxc6 5. 0-0 Bd6 6. d4 exd4 7. Qxd4 Bg4 8. Qxg7 Bxf3 9. Qxh8 Bxh2+ 10. Kh1 Qh4 11. Qxg8+ Kd7 12. Qg5 Bxg2+ 13. Kxg2 1-0

[Event "World Cup U14 Prel"]
[Site "Tornelo INT"]
[Date "2021.08.11"]
[Round "8"]
[White "Potgieter, Edward"]
[Black "Kannappan, Thanneermalai"]
[Result "0-1"]
[WhiteElo "1348"]
[BlackElo "1504"]
[PlyCount "36"]
[EventDate "2021.08.11"]
[EventType "swiss (rapid)"]
[EventRounds "10"]
[EventCountry "NET"]
[SourceTitle "EXT 2025"]
[Source "ChessBase"]
[SourceDate "2024.10.14"]
[SourceVersion "1"]
[SourceVersionDate "2024.10.14"]
[SourceQuality "1"]

1. e4 c5 2. Nf3 d6 3. d4 cxd4 4. Nxd4 Nf6 5. Nc3 g6 6. Be3 Bg7 7. f3 Nc6 8. Qd2 0-0 9. 0-0-0 d5 10. exd5 Nxd5 11. Nxd5 Qxd5 12. Nb3 Qe5 13. c3 Bf5 14. Bd4 Nxd4 15. Qxd4 Bh6+ 16. Nd2 Qxd4 17. cxd4 Rac8+ 18. Bc4 Rxc4# 0-1